Sports Quiz

Random Sports or NBA Quiz

Zhou Qi Stats Quiz Stats

 Plays Quiz not verified by Sporcle

Support Sporcle.
Go Orange.
Score 0/5 Timer 02:30
0 Plays Today
Question Answer Wrong Answers
Steals Per Game 0.1
83.9%
0.8
0%
0.4
12.9%
1.1
3.2%
Blocks Per Game 0.7
80.6%
1.4
19.4%
8
0%
2.1
0%
Assists Per Game 0.1
67.7%
1.2
3.2%
1.5
0%
0.9
29%
Points Per Game 1.3
61.3%
2.4
32.3%
20.6
0%
5.8
6.5%
Rebounds Per Game 1.2
41.9%
12.7
3.2%
0.8
29%
3.1
25.8%

You're not logged in!

Compare scores with friends on all Sporcle quizzes.
OR
Log In

From the Vault

'T' Named Bands & Musicians

by prockstar83

These musicians put the 'T' in totally tremendous.
Remove Ads.
Support Sporcle.
Get the best of Sporcle when you Go Orange. This ad-free experience offers more features, more stats, and more fun while also helping to support Sporcle. Thank you for becoming a member.

Show Comments

Extras

Top Quizzes Today


Score Distribution

Your Account Isn't Verified!

In order to create a playlist on Sporcle, you need to verify the email address you used during registration. Go to your Sporcle Settings to finish the process.

Report this User

Report this user for behavior that violates our Community Guidelines.

Details: